000 00502nam a22002057a 4500
003 UA-OsUOA
001 38815
007 ta
008 20080219b un ||||| |||| 00| 0 ukr d
090 _a94(477).075
_bШ94
942 _cBR
040 _aUA-OsUOA
_bukr
_cUA-OsUOA
_dUA-OsUOA
245 _aШтучний голод 1932-1982
300 _a8 с.
955 _a1
041 _aukr
080 _a94(477).075
650 7 _a9 Географія. Біографії. Історія
_2UDC
999 _c437328
_d437328